000
00291nam a2200133Ia 4500
100
_a
Levin/R.I
942
_c
BK
654
_a
Statistics
245
_a
Statistics for management
260
_b
prentice hall
_a
New Delhi
_c
1988
082
_a
519.5088
_b
LEV
300
_a
890
546
_a
ENGLISH
999
_c
32035
_d
32035